| 000 | 00776cam a2200277 i 4500 | ||
|---|---|---|---|
| 001 | 0000896 | ||
| 003 | DO-SdBNP | ||
| 005 | 20180216093131.0 | ||
| 007 | 0000896 | ||
| 008 | 100514s 1996 sp a | |||| 000 f spa | ||
| 015 | _a | ||
| 017 |
_a _b |
||
| 020 | _a8430580751 | ||
| 035 | _a | ||
| 040 |
_aBPMSU _bspa _cBPMSU _e |
||
| 080 | _a | ||
| 100 | 1 | _aGroombridge, Vicki | |
| 245 | 1 | 0 |
_aManualidades collares, pulseras y cuentas / _h _cVicki Groombrige ; ilustración John Woodcock ; fotografías Howard Allman |
| 260 |
_aMadrid, España : _bSusaeta, _c1996. |
||
| 300 |
_a[32] p.: _bil. _c25 cm. |
||
| 700 | 1 | 2 |
_aWoodcock, John _eil. |
| 700 | 1 | 2 |
_aAllman, Howard _efot. |
| 942 |
_2ddc _cBK |
||
| 945 | _ainventariado, 2018 / dg | ||
| 956 |
_aYLOCKWARD _810 _cBPMSU |
||
| 999 |
_c12345 _d12345 |
||